[Event "SVK-ch U18/20"]
[Site "Tatralandia"]
[Date "2025.05.15"]
[Round "6"]
[White "Sulik, Adrian"]
[Black "Oslej, Marek"]
[Result "0-1"]
[WhiteElo "1759"]
[BlackElo "1965"]
[PlyCount "78"]
[EventDate "2025.05.11"]
[EventType "swiss"]
[EventRounds "9"]
[EventCountry "SVK"]
[SourceTitle "CB21_2025"]
[SourceDate "2025.05.21"]
[SourceVersion "1"]
[SourceVersionDate "2025.05.21"]
[SourceQuality "1"]

1. d4 Nf6 2. c4 e6 3. Nc3 Bb4 4. Nf3 0-0 5. a3 Bxc3+ 6. bxc3 d5 7. Bg5 c6 8. cxd5 exd5 9. Qc2 Be6 10. Rb1 Qc8 11. e3 Bf5 12. Bd3 Bxd3 13. Qxd3 Ne4 14. Bf4 b5 15. 0-0 Nd7 16. Ne5 Nxe5 17. Bxe5 Qe6 18. f3 Nd6 19. Bxd6 Qxd6 20. Ra1 f5 21. a4 a6 22. axb5 cxb5 23. Ra5 Qe6 24. Rfa1 Rfe8 25. Kf2 g6 26. h3 Qc6 27. f4 h5 28. h4 Re6 29. R1a3 Kg7 30. g3 Kf6 31. Ke2 Qb7 32. Kd2 Rc8 33. Qb1 Rec6 34. Qa2 b4 35. cxb4 Qxb4+ 36. Kd3 Rc1 37. Rxa6+ Kg7 38. Ra7+ Kh6 39. Qb3 Qe1 0-1

[Event "SVK-ch U18/20"]
[Site "Tatralandia"]
[Date "2024.04.09"]
[Round "6"]
[White "Richnak, Michal"]
[Black "Sulik, Adrian"]
[Result "1-0"]
[WhiteElo "1626"]
[BlackElo "1000"]
[PlyCount "93"]
[EventDate "2024.04.05"]
[EventType "swiss"]
[EventRounds "9"]
[EventCountry "SVK"]
[SourceTitle "CBM 219 Extra"]
[Source "ChessBase"]
[SourceDate "2024.05.31"]
[SourceVersion "1"]
[SourceVersionDate "2024.05.31"]
[SourceQuality "1"]

1. e4 c6 2. f4 d5 3. e5 e6 4. d4 c5 5. c3 c4 6. Nf3 Ne7 7. Be2 Bd7 8. 0-0 Ng6 9. b3 b5 10. a4 bxa4 11. bxc4 dxc4 12. Na3 Bxa3 13. Rxa3 Qe7 14. Ng5 0-0 15. Bxc4 f6 16. Ne4 fxe5 17. fxe5 Rxf1+ 18. Qxf1 Nc6 19. Nc5 Ncxe5 20. Nxd7 Nxd7 21. Rxa4 Nb6 22. Ba3 Qd7 23. Rb4 Nxc4 24. Qxc4 Qd5 25. Qc7 h6 26. Rb7 Qxb7 27. Qxb7 Re8 28. Qd7 Rb8 29. Qxe6+ Kh7 30. Qe4 Rc8 31. Bc5 a5 32. Qd3 a4 33. d5 Rxc5 34. d6 a3 35. d7 a2 36. Qa6 Rxc3 37. Qxa2 Rd3 38. Qe6 Rd1+ 39. Kf2 Rd2+ 40. Ke1 Rxg2 41. d8Q Rg1+ 42. Kf2 Rg2+ 43. Kf3 Nh4+ 44. Qxh4 Rg5 45. Qhe4+ Rg6 46. Q6xg6+ Kg8 47. Qee8# 1-0